00668nam a2200217 a 450000100060000000300080000600500170001400800410003102000170007203500190008904000270010804100080013508200260014324500910016926000330026030000320029350400370032565000200036270000300038283000380041270312BD-RjUL20211209082002.0170417s2003 nyua b 001 0 eng d a0387001352 : a(BD-RjUL)70526 aDLCcDLCdBD-RjULbeng aeng00a572.865223bDES 200300aDesign and analysis of DNA microarray investigations /cRichard M. Simon ... [et al.]. aNew York :bSpringer,c2003. ax, 199 p. :bill. ;c24 cm. aIncludes Bibliography and Index. aGene Expression1 aSimon, Richard M.,d1943- aStatistics for biology and health